|
|
|
|
| LEADER |
00000nam a2200000 4500 |
| 001 |
vtls012014329 |
| 003 |
SK-MaSNL |
| 005 |
20260302094247.0 |
| 008 |
210212s2019 xo a a 000 0 slo |
| 015 |
|
|
|a SNBA2021/04
|
| 020 |
|
|
|a 9788080885946
|q (viazané)
|
| 040 |
|
|
|a SNK
|b slo
|c SNK
|e rda
|
| 041 |
1 |
|
|a slo
|h und
|
| 044 |
|
|
|a xo
|c SK
|
| 072 |
|
7 |
|a 821-93
|x Literatúra pre deti a mládež (beletria)
|2 konspekt
|
| 080 |
|
|
|a (0.025.2)
|2 2011
|
| 080 |
|
|
|a 821-93
|2 2011
|
| 080 |
|
|
|a 81'373
|2 2011
|
| 245 |
0 |
0 |
|a Moje milované hračky
|c preklad Daniela Lysá
|
| 246 |
1 |
|
|i Séria:
|a Svet očami batoliatka
|
| 250 |
|
|
|a Vydanie prvé
|
| 264 |
|
1 |
|a Bratislava
|b Matys
|c 2019
|
| 300 |
|
|
|a 10 nečíslovaných strán
|b farebné ilustrácie
|c 19 cm
|
| 336 |
|
|
|a text
|b txt
|2 rdacontent
|
| 336 |
|
|
|a statický obraz
|b sti
|2 rdacontent
|
| 337 |
|
|
|a bez média
|b n
|2 rdamedia
|
| 338 |
|
|
|a zväzok
|b nc
|2 rdacarrier
|
| 500 |
|
|
|a Jazyk originálu neurčený
|
| 500 |
|
|
|a Kartónové listy s výrezom pre uchopenie
|
| 521 |
8 |
|
|a Pre deti od 1 a pol roka do 4 a pol roka
|
| 650 |
0 |
7 |
|a slovná zásoba
|2 SNKPH
|9 66837
|
| 650 |
0 |
7 |
|a Vocabulary
|2 SNKPHeng
|9 101868
|
| 655 |
|
7 |
|a leporelá
|2 SNKPH
|9 60414
|
| 655 |
|
7 |
|a Picture books for children
|2 SNKPHeng
|9 277438
|
| 655 |
|
7 |
|a publikácie pre deti
|2 SNKPH
|9 70148
|
| 655 |
|
7 |
|a Publications for children
|2 SNKPHeng
|9 276792
|
| 700 |
1 |
|
|a Lysá, Daniela
|4 trl
|9 345213
|
| 919 |
|
|
|a 978-80-8088-594-6
|
| 958 |
|
|
|a DB
|
| 999 |
|
|
|c 1212415
|d 1214345
|
| 952 |
|
|
|a SNK
|b SNK
|y PREZ
|7 0
|p 17A1449384
|o snkOSD 10533
|i snk2021/702
|8 0
|0 0
|1 0
|4 0
|d 2021-02-12
|l 0
|r 2026-02-24 23:17:19
|w 2026-02-24
|
| 952 |
|
|
|a SNK
|b SNK
|y PREZ
|7 0
|p 17A1449385
|o snkOSD 10533 D1
|i snk2021/703
|8 0
|0 0
|1 0
|4 0
|d 2021-02-12
|l 0
|r 2026-02-24 23:17:19
|w 2026-02-24
|